Библия Василия Кореня 1692-1696 из государственной Публичной библиотеки им. М. Е. Салтыкова-Щедрина в Ленинграде [V 4.2]; Народная гравированная книга Василия Кореня 1692-1696

書誌詳細
その他の著者: Белоус Д. В., Коноплев А. Б.
要約:Страницы не пронумерованы
В одном футляре с А-964
言語:教会スラブ語
出版事項: Москва, Искусство, 1983
主題:
フォーマット: 図書
KOHA link:https://koha.lib.tpu.ru/cgi-bin/koha/opac-detail.pl?biblionumber=203567

MARC

LEADER 00000nam0a2200000 4500
001 203567
005 20231031185653.0
035 |a (RuTPU)RU\TPU\book\221846 
090 |a 203567 
100 |a 20111109e1983 m y0rusy50 ca 
101 0 |a chu 
102 |a RU 
105 |a a w 000zy 
200 1 |a Библия Василия Кореня 1692-1696 из государственной Публичной библиотеки им. М. Е. Салтыкова-Щедрина в Ленинграде [V 4.2]  |f цветная фотосъемка специально для настоящего издания выполнена Д. В. Белоусом ; оформление и макет худ. А. Б. Коноплева 
210 |a Москва  |c Искусство  |d 1983 
215 |a [81] с.  |c ил.  |d 33 см. 
300 |a Страницы не пронумерованы 
300 |a В одном футляре с А-964 
422 1 |0 (RuTPU)RU\TPU\book\221721  |t Народная гравированная книга Василия Кореня 1692-1696  |f А. Г. Сакович  |g оформление и макет А. Б. Коноплева  |c Москва  |n Искусство  |d 1983  |p 167 с.  |a Сакович, Антонина Георгиевна 
610 1 |a Библия 
610 1 |a 17 век 
610 1 |a русская книжная графика 
610 1 |a лубок 
610 1 |a гравюры на дереве 
675 |a 76:655  |v 3 
686 |a Ч611  |v LBC/SL-A  |2 rubbk 
702 1 |a Белоус  |b Д. В.  |4 600 
702 1 |a Коноплев  |b А. Б.  |4 130 
801 1 |a RU  |b 63413507  |c 20111109 
801 2 |a RU  |b 63413507  |c 20190130  |g RCR 
942 |c BK